| 000 | 04494nam a2200457Ia 4500 | ||
|---|---|---|---|
| 001 | dia_5835 | ||
| 003 | CHAP | ||
| 005 | 20240830140452.0 | ||
| 007 | ta | ||
| 008 | 220117s2014 mx ado frm 001 0 spa d | ||
| 010 | _a176838 | ||
| 040 |
_cCHAP _amxchpua _erda |
||
| 041 | 0 |
_aspa _beng |
|
| 090 |
_aTesis _bS54 _c2014 |
||
| 100 | 1 | _aSierra Zurita, Donaji | |
| 245 | 1 | 0 |
_aElaboración de una bebida a base de coco adicionada con alfa tocoferol microencapsulado / _cDonaji Sierra Zurita |
| 264 |
_aChapingo, México : _bEl autor, _c2014 |
||
| 300 |
_avii, 84 hojas : _bilustraciones, gráficas, tablas, fotos + _e1 CD-ROM |
||
| 336 |
_2rdacontnet _atexto _btxt |
||
| 337 |
_2rdamedia _ano mediado _bn |
||
| 338 |
_2rdacarrier _avolumen _bnc |
||
| 500 | _aEl CD contiene presentación, resumen y reporte. | ||
| 502 |
_aTesis _b(Ingeniero Agroindustrial) -- _cUACh. Departamento de Ingeniería Agroindustrial, _d2014 |
||
| 504 | _aBibliografía: hojas 74-84 | ||
| 520 | 3 | _aEl objetivo de este trabajo fue establecer las condiciones para la formación de liposomas, para la encapsulación de ?-tocoferol mediante la conformación de un doble recubrimiento compuesto por complejos caseinato de sodio (Cs)-pectina cítrica (Pc), para su incorporación en una bebida a base de coco. Se estudiaron 3 valores de pH en 4.0, 5.0 y 5.5; así, como 3 relaciones biopoliméricas en 1:1, 2:1, 3:1 y 4:1 para la formación de complejos Cs: Pc, los cuales se monitorearon en estabilidad en el tiempo y potencial zeta. Con las condiciones anteriores, se seleccionaron 3 tratamientos L4:1,5, L3:1,5 y L2:1,4, los cuales mostraron floculación de los liposomas formados después de los 21 días, a estos tratamientos se caracterizaron mediante pruebas calorimétricas, reológicas y eficiencia de encapsulación. A partir de los valores de eficiencia de encapsulación se eligió el tratamiento L3:1,5, el cuál proporcionó la mejor eficiencia de entrampamiento, por lo que este fue el que se empleó para su incorporación en la bebida de coco. Variantes del 25, 50 y 75 % del tratamiento seleccionado se incorporaron en la bebida de coco y se evaluaron mediante evaluación sensorial por aceptabilidad global. La adición de un 50 % de liposomas en la bebida de coco mostró una mejor aceptabilidad por los consumidores. La incorporación de ?-tocoferol mediante liposomas en una bebida de coco, es una alternativa adecuada para promover el mayor consumo de bebidas de coco, fortificadas con antioxidantes -- | |
| 520 | 3 | _aThe aim of this study was to establish the conditions for the formation of liposomes for encapsulation of ?-tocopherol by forming a double coating comprising sodium caseinate complex (Cs) citrus pectin (Pc) for incorporation in a drink coco-based. 3 pH values were studied in 4.0, 5.0 and 5.5; as well as 3 biopolymer ratios 1:1, 2:1, 3:1 and 4:1 complexes for the formation of Cs: Pc, which are monitored in stability over time and zeta potential. With the above conditions, 3 treatments were selected L4:1,5, L3:1,5 y L2:1,4, which showed flocculation of liposomes after 21 days, formed these treatments were characterized by calorimetric tests rheological and encapsulation efficiency. From the values of encapsulation efficiency of the treatment was chosen L3:1,5, which provided the best efficiency of entrapment, so this was the one that was used for incorporation into the coconut drink. Variations 25, 50 and 75 % of the selected treatment is incorporated into the coconut drink and were evaluated by sensory evaluation for overall acceptability. Adding 50 % of liposomes coconut drink showed improved consumer acceptability. The incorporation of ?-tocopherol in liposomes by a coconut drink, is a suitable alternative to promote increased consumption of coconut drinks, fortified with antioxidants. | |
| 650 | 1 | 3 |
_aAntioxidantes _2atg |
| 650 | 1 | 3 |
_aBebidas a base de fruta _2atg |
| 650 | 1 | 3 |
_aProductos derivados del coco _2atg |
| 650 | 1 | 3 |
_aAntioxidants _2atg |
| 650 | 1 | 3 |
_aCoconut products _2atg |
| 650 | 1 | 3 |
_aFruit drinks _2atg |
| 700 | 1 |
_aAguirre Mandujano, Eleazar _edirector |
|
| 700 | 1 |
_aCuevas Bernardino, Juan Carlos _easesor |
|
| 700 | 1 |
_aHernández Rodríguez, Landy _easesora |
|
| 856 | 4 | 1 |
_uhttp://10.13.5.2/tesis/sist110404.pdf _yDESCARGAR PDF |
| 901 | _aTESIS S54 2014 | ||
| 902 | _aM | ||
| 905 | _a5232272014 mx nmal8223123322spa16 | ||
| 942 |
_cTESIS _2Clasificación Universidad Autónoma Chapingo |
||
| 999 |
_c176838 _d176838 |
||